Slovník slovensko-nemecký

Guardado en:
Detalles Bibliográficos
Formato: Libro
Lenguaje:eslovaco
alemán
Publicado: Bratislava Komenský 1943
Edición:2. erweiterte Auflage
Etiquetas: Agregar Etiqueta
Sin Etiquetas, Sea el primero en etiquetar este registro!

MARC

LEADER 00000nam a2200000 4500
001 0268921
005 20240822101713.3
041 0 |a slo 
041 0 |a ger 
044 |a -CS 
245 1 0 |a Slovník slovensko-nemecký  |c zusammengestellt von: Johann Schultz 
250 |a 2. erweiterte Auflage 
264 1 |a Bratislava  |b Komenský  |c 1943